MARC details
| 000 -LEADER |
| campo de control de longitud fija |
01842nam a2200529 i 4500 |
| 001 - NÚMERO DE CONTROL |
| campo de control |
MOR01000086230 |
| 003 - IDENTIFICADOR DE NÚMERO DE CONTROL |
| campo de control |
mxdfmo |
| 005 - FECHA Y HORA DE LA ÚLTIMA TRANSACCIÓN |
| campo de control |
20260417062549.0 |
| 007 - CAMPO FIJO DE DESCRIPCIÓN FÍSICA--INFORMACIÓN GENERAL |
| campo de control de longitud fija |
ta |
| 008 - DATOS DE LONGITUD FIJA--INFORMACIÓN GENERAL |
| campo de control de longitud fija |
070814s2003 chmo g bi 000 0dspa d |
| 035 ## - NÚMERO DE CONTROL DEL SISTEMA |
| Número de control de sistema |
071257 |
| 040 ## - FUENTE DE CATALOGACIÓN |
| Centro catalogador/agencia de origen |
mxcmmo |
| Lengua de catalogación |
spa |
| Normas de descripción |
rda |
| Centro/agencia transcriptor |
mxcmmo |
| 041 1# - CÓDIGO DE IDIOMA |
| Código de lengua del texto/banda sonora o título independiente |
spa |
| Código de lengua original |
eng |
| 043 ## - CÓDIGO DE ÁREA GEOGRÁFICA |
| Código de área geográfica |
n-mx--- |
| -- |
n-mx-ch |
| 082 04 - NÚMERO DE LA CLASIFICACIÓN DECIMAL DEWEY |
| Número de clasificación |
972.21 |
| Número de ítem |
BCH.k |
| 100 1# - ENTRADA PRINCIPAL--NOMBRE DE PERSONA |
| Nombre de persona |
Katz, Friedrich |
| Fechas asociadas al nombre |
1927- |
| Término indicativo de función/relación |
autor |
| 9 (RLIN) |
13330 |
| 245 10 - MENCIÓN DEL TÍTULO |
| Título |
Villa |
| Resto del título |
: el gobernador revolucionario de Chihuahua/ |
| Mención de responsabilidad, etc. |
Friedrich Katz ; pról. Rubén Osorio |
| 250 ## - MENCION DE EDICION |
| Mención de edición |
2a ed. |
| 264 #1 - PRODUCCIÓN, PUBLICACIÓN, DISTRIBUCIÓN, FABRICACIÓN Y COPYRIGHT |
| Producción, publicación, distribución, fabricación y copyright |
Chihuahua : |
| Nombre del de productor, editor, distribuidor, fabricante |
Gobierno del Estado de Chihuahua, |
| Fecha de producción, publicación, distribución, fabricación o copyright |
2003. |
| 300 ## - DESCRIPCIÓN FÍSICA |
| Extensión |
xix, 26 páginas: |
| Otras características físicas |
fotos; |
| Dimensiones |
23 cm |
| 336 ## - TIPO DE CONTENIDO |
| Término de tipo de contenido |
texto |
| Código de tipo de contenido |
txt |
| Fuente |
rdacontent |
| 337 ## - TIPO DE MEDIO |
| Nombre/término del tipo de medio |
sin medio |
| Código del tipo de medio |
n |
| Fuente |
rdamedia |
| 338 ## - TIPO DE SOPORTE |
| Nombre/término del tipo de soporte |
volumen |
| Código del tipo de soporte |
nc |
| Fuente |
rdacarrier |
| 490 #0 - MENCIÓN DE SERIE |
| Mención de serie |
Biblioteca Chihuahuense |
| 500 ## - NOTA GENERAL |
| Nota general |
Traducción de: Villa : the reform governor of Chihuahua |
| 504 ## - NOTA DE BIBLIOGRAFÍA, ETC. |
| Nota de bibliografía, etc. Nota |
Incluye bibliografía |
| 600 #0 - PUNTO DE ACCESO ADICIONAL DE MATERIA--NOMBRE DE PERSONA |
| Nombre de persona |
Villa, Francisco |
| Fechas asociadas al nombre |
1878-1923 |
| 9 (RLIN) |
4794 |
| 651 #7 - PUNTO DE ACCESO ADICIONAL DE MATERIA--NOMBRE GEOGRÁFICO |
| Nombre geográfico |
México |
| Subdivisión general |
Historia |
| Subdivisión cronológica |
Revolución villista, 1914-1920 |
| 9 (RLIN) |
14545 |
| 700 1# - ENTRADA AGREGADA--NOMBRE PERSONAL |
| Nombre de persona |
Osorio, Rubén |
| Término indicativo de función/relación |
prologuista |
| 9 (RLIN) |
147569 |
| 900 ## - ELEMENTOS DE DATOS A LOCAL, LDA (RLIN) |
| Nombre de persona |
BATCH-UPD |
| Numeración |
00 |
| Títulos y otros términos asociados al nombre |
20120323 |
| Lenguaje de la obra |
MOR01 |
| -- |
1752 |
| 900 ## - ELEMENTOS DE DATOS A LOCAL, LDA (RLIN) |
| Nombre de persona |
BATCH-UPD |
| Numeración |
40 |
| Títulos y otros términos asociados al nombre |
20120321 |
| Lenguaje de la obra |
MOR01 |
| -- |
1717 |
| 900 ## - ELEMENTOS DE DATOS A LOCAL, LDA (RLIN) |
| Nombre de persona |
BATCH |
| Numeración |
00 |
| Títulos y otros términos asociados al nombre |
20120322 |
| Lenguaje de la obra |
MOR01 |
| -- |
1740 |
| 900 ## - ELEMENTOS DE DATOS A LOCAL, LDA (RLIN) |
| Nombre de persona |
CAT |
| Numeración |
30 |
| Títulos y otros términos asociados al nombre |
20070815 |
| Lenguaje de la obra |
MOR01 |
| -- |
1127 |
| 900 ## - ELEMENTOS DE DATOS A LOCAL, LDA (RLIN) |
| Nombre de persona |
CAT |
| Numeración |
30 |
| Títulos y otros términos asociados al nombre |
20070815 |
| Lenguaje de la obra |
MOR01 |
| -- |
1137 |
| 900 ## - ELEMENTOS DE DATOS A LOCAL, LDA (RLIN) |
| Nombre de persona |
KLAS |
| Numeración |
30 |
| Títulos y otros términos asociados al nombre |
20070828 |
| Lenguaje de la obra |
MOR01 |
| -- |
1511 |
| 900 ## - ELEMENTOS DE DATOS A LOCAL, LDA (RLIN) |
| Nombre de persona |
KLAS |
| Numeración |
30 |
| Títulos y otros términos asociados al nombre |
20070828 |
| Lenguaje de la obra |
MOR01 |
| -- |
1512 |
| 900 ## - ELEMENTOS DE DATOS A LOCAL, LDA (RLIN) |
| Nombre de persona |
MARC21 |
| Numeración |
40 |
| Títulos y otros términos asociados al nombre |
20131007 |
| Lenguaje de la obra |
MOR01 |
| -- |
1156 |
| 900 ## - ELEMENTOS DE DATOS A LOCAL, LDA (RLIN) |
| Nombre de persona |
MARY |
| Numeración |
05 |
| Títulos y otros términos asociados al nombre |
20070808 |
| Lenguaje de la obra |
MOR01 |
| -- |
1615 |
| 900 ## - ELEMENTOS DE DATOS A LOCAL, LDA (RLIN) |
| Nombre de persona |
MARY |
| Numeración |
05 |
| Títulos y otros términos asociados al nombre |
20070808 |
| Lenguaje de la obra |
MOR01 |
| -- |
1615 |
| 900 ## - ELEMENTOS DE DATOS A LOCAL, LDA (RLIN) |
| Nombre de persona |
VOBO |
| Numeración |
40 |
| Títulos y otros términos asociados al nombre |
20070910 |
| Lenguaje de la obra |
MOR01 |
| -- |
1415 |
| 900 ## - ELEMENTOS DE DATOS A LOCAL, LDA (RLIN) |
| Nombre de persona |
VOBO |
| Numeración |
40 |
| Títulos y otros términos asociados al nombre |
20100715 |
| Lenguaje de la obra |
MOR01 |
| -- |
1815 |
| 900 ## - ELEMENTOS DE DATOS A LOCAL, LDA (RLIN) |
| Nombre de persona |
VOBO |
| Numeración |
40 |
| Títulos y otros términos asociados al nombre |
20100715 |
| Lenguaje de la obra |
MOR01 |
| -- |
1817 |
| 900 ## - ELEMENTOS DE DATOS A LOCAL, LDA (RLIN) |
| Nombre de persona |
VOBO |
| Numeración |
40 |
| Títulos y otros términos asociados al nombre |
20130129 |
| Lenguaje de la obra |
MOR01 |
| -- |
1135 |
| 904 ## - ELEMENTOS DE DATOS D LOCAL, LDD (RLIN) |
| a |
UPDATE |
| 942 ## - ELEMENTOS DE ENTRADA SECUNDARIOS (KOHA) |
| Código de la institución [OBSOLETO] |
BK |
| 901 ## - ELEMENTOS DE DATOS A LOCAL LDA (RLIN) |
| a |
CRON CRON |